The Media in your life (Record no. 3848)

MARC details
000 -LEADER
fixed length control field 00422nam a22001697a 4500
005 - DATE AND TIME OF LATEST TRANSACTION
control field 20160624135554.0
008 - FIXED-LENGTH DATA ELEMENTS--GENERAL INFORMATION
fixed length control field 160624b xxu||||| |||| 00| 0 eng d
020 ## - INTERNATIONAL STANDARD BOOK NUMBER
ISBN 81-297-07770-5
041 ## - LANGUAGE CODE
Language code of text/sound track or separate title eng
082 ## - DEWEY DECIMAL CLASSIFICATION NUMBER
Item number 9826
100 ## - MAIN ENTRY--AUTHOR NAME
Personal name Folperto, Jean and Lay, Stephen
245 ## - TITLE STATEMENT
Title The Media in your life
260 ## - PUBLICATION, DISTRIBUTION, ETC. (IMPRINT)
Place of publication Delhi
Name of publisher Pearson Education
300 ## - PHYSICAL DESCRIPTION
Number of Pages 429
650 ## - SUBJECT ADDED ENTRY--TOPICAL TERM
Topical Term Mass Communication
942 ## - ADDED ENTRY ELEMENTS (KOHA)
Koha item type Books
Holdings
Lost status Damaged status Home library Current library Shelving location Date acquired Full call number Accession Number Koha item type
    JRU Library   SHELF-32-F 24/06/2016 9826 9826 Books
    JRU Library   SHELF-32-F 24/06/2016 9826 9827 Books
    JRU Library   SHELF-32-F 24/06/2016 9826 9828 Books
    JRU Library   SHELF-32-F 24/06/2016 9826 9829 Books
    JRU Library   SHELF-32-F 24/06/2016 9826 9830 Books